[Event "TCh-HUN 2010-11"]
[Site "Budapest HUN"]
[Date "2011.01.30"]
[Round "5"]
[White "Erdelyi,Z"]
[Black "Medvegy,N"]
[Result "1/2-1/2"]
[WhiteElo "2323"]
[BlackElo "2336"]

1.e4 c5 2.Nf3 Nc6 3.Nc3 Nf6 4.d4 cxd4 5.Nxd4 e5 6.Ndb5 d6 7.Bg5 a6 8.Na3 b5
9.Nd5 Be7 10.Bxf6 Bxf6 11.c3 Bg5 12.Nc2 Rb8 13.a3 O-O 14.Nce3 Be6 15.g3 Qd7
16.Bg2 a5 17.O-O Ne7 18.f4 Bh6 19.Kh1 Nxd5 20.exd5 Bh3 21.Bxh3 Qxh3 22.Qg4 Qxg4
23.Nxg4 e4 24.Kg2 f5 25.Nxh6+ gxh6 26.Kf2 Kf7 27.Ke3 h5 28.Rg1 Rfc8 29.h3 Rg8
30.Rg2 Rg6 31.Rag1 Rbg8 32.b3 Ke7 33.Kd4 Kd7 34.c4 bxc4  1/2-1/2

[Event "TCh-HUN 2010-11"]
[Site "Budapest HUN"]
[Date "2011.01.30"]
[Round "5"]
[White "Hujbert,F"]
[Black "Zambo,Z"]
[Result "0-1"]
[WhiteElo "2395"]
[BlackElo "2403"]

1.e4 c5 2.Nc3 Nc6 3.Nf3 g6 4.d4 cxd4 5.Nxd4 Bg7 6.Be3 Nf6 7.Bc4 O-O 8.Bb3 d6
9.h3 Bd7 10.O-O a5 11.a4 Nh5 12.Nf5 Be6 13.Nxg7 Nxg7 14.Nd5 Nb4 15.Bg5 Nxd5
16.exd5 Bd7 17.Re1 f6 18.Bh6 Rf7 19.Qd3 Nf5 20.Bd2 Qb6 21.Re4 Rc8 22.Rae1 Kf8
23.g4 Nh4 24.Bh6+ Ke8 25.Qe2 Qd8 26.Re6 Bxe6 27.dxe6 Rf8 28.Bc4 Rc6 29.Bb5 Qc7
30.Qe3 Rg8 31.Qa7 Kd8 32.Qa8+ Qc8 33.Qxa5+ b6 34.Qa7 Rc7 35.Qxb6 Qa8 36.Kf1 g5
37.Re3 Ng6 38.Rc3 Qh1+ 39.Ke2 Nf4+ 40.Kd2 Qd5+ 41.Kc1 Qb7 42.Rc6 Qxb6 43.Rxb6 Nxe6
44.Ba6 Ke8 45.a5 Kf7 46.Bb7 Nc5 47.Bd5+ e6 48.Bg2 Kg6 49.b4 Nd3+ 50.Kb1 Nf4
51.Be4+ Kxh6 52.Rxd6 Rb8 53.Rb6 Rxb6 54.axb6 Rc8 55.b7 Rb8 56.c4 Nd5 57.cxd5 Rxb7
58.Kc2 Rxb4 59.Kd3 exd5 60.Bxd5 Ra4 61.Bg2 Kg7 62.Ke3 Kf7 63.Be4 h6 64.Bd5+ Ke7
65.Kf3 Kd6 66.Bb7 Ke5 67.Kg3 Ra3+ 68.Kg2 Kd4 69.Bc6 Rc3 70.Ba8 Rb3 71.Bc6 Rb4
72.Kf3 Ke5 73.Ba8 Rf4+ 74.Kg3 Kd4 75.Bc6 Kd3 76.Bb5+ Kd2 77.h4 Ke1 78.hxg5 hxg5
79.f3 Rb4 80.Ba6 Rb6 81.Bc4 Kd2 82.Kf2 Kc3 83.Bd5 Kd4 84.Be4 Rb2+ 85.Kg3 Ke3
86.Bd5 Rb1 87.Kg2 Kf4  0-1

[Event "33rd Bulgarian Open"]
[Site "Plovdiv BUL"]
[Date "2011.01.30"]
[Round "1.16"]
[White "Milanov,Milan"]
[Black "Nedev,Tr"]
[Result "0-1"]
[WhiteElo "1723"]
[BlackElo "2490"]

1.e4 c5 2.Nc3 Nc6 3.Nf3 Nf6 4.Bc4 e6 5.O-O a6 6.a4 d5 7.exd5 exd5 8.Re1+ Be7
9.Bf1 Bg4 10.Be2 d4 11.Na2 O-O 12.d3 h6 13.h3 Be6 14.Bf4 Nd5 15.Bg3 Bf6 16.Qd2 b5
17.c4 bxc4 18.dxc4 Nb6 19.b3 d3 20.Bxd3 Bxa1 21.Rxa1 Ra7 22.Rd1 Rd7 23.Nc3 Bf5
24.Nd5 Bxd3 25.Qxd3 Nxd5 26.cxd5 Nb4 27.Qc4 Rxd5 28.Re1 Re8 29.Rxe8+ Qxe8
30.Kh2 Qe6 31.Bc7 Rf5 32.Qc3 Qd5 33.Bg3 Qd3 34.Qe1 Qxb3 35.Qe8+ Kh7 36.Ne5 Qe6
37.Qb8 Nc6 38.Nxc6 Qxc6 39.Bh4 c4 40.Qb1 Qd6+ 41.Kg1 Qd3 42.Qb7 c3 43.g4 c2
44.gxf5 c1=Q+ 45.Kg2 Qcf1+  0-1

[Event "Moscow Open D University Women"]
[Site "Moscow RUS"]
[Date "2011.01.31"]
[Round "3.1"]
[White "Vasilevich,I"]
[Black "Repina,V"]
[Result "0-1"]
[WhiteElo "2327"]
[BlackElo "2280"]

1.e4 c5 2.Nc3 Nc6 3.Bb5 Nd4 4.Bc4 g6 5.Nge2 Bg7 6.Nxd4 cxd4 7.Qf3 f5 8.Ne2 Qa5
9.O-O e6 10.d3 Ne7 11.Qh3 O-O 12.Bh6 Qc5 13.Bb3 a5 14.a4 b6 15.Bxg7 Kxg7
16.Qh4 Rf7 17.Rac1 Bb7 18.c3 fxe4 19.dxe4 d3 20.Nd4 Rf6 21.Rcd1 g5 22.Qg4 h5
23.Qxh5 Bxe4 24.Qg4 Bg6 25.h4 Rf4 26.Qxg5 Qxg5 27.hxg5 e5 28.Rfe1 e4 29.f3 Rh4
30.g3 Rh3 31.fxe4 Rah8 32.Kf2 Rh2+ 33.Ke3 R8h3 34.Rg1 Rxb2 35.Rxd3 d5 36.Ne6+ Kf7
37.Nd8+ Ke8 38.Bxd5 Rhh2 39.Bb7 Rbe2+ 40.Kf4 Rhf2+ 41.Ke5 Rf5+ 42.Kd4 Kxd8
43.Rg2 Rd5+ 44.Bxd5 Rxg2 45.Ke5 Nxd5 46.Rxd5+ Kc7 47.Kf6 Bxe4 48.Rd4 Bc2
49.g4 Rf2+ 50.Kg7 Re2 51.Kf6 Rh2 52.Rc4+ Kd6 53.Rf4 Rh8 54.Kf7 Bb3+ 55.Kg7 Rg8+
56.Kh6 Bc2 57.Rf6+ Kc5 58.g6 Bxa4 59.Rf5+ Kd6 60.Rf6+ Kc7 61.g7 Rd8 62.Rf7+ Kc8
63.g5 Bb3 64.g6 a4 65.Kh7 a3 66.g8=Q Rxg8 67.Kxg8 a2 68.Kf8 Bxf7 69.gxf7 a1=Q
70.Ke7 Qe1+  0-1

[Event "Moscow Open F Women"]
[Site "Moscow RUS"]
[Date "2011.01.31"]
[Round "3.19"]
[White "Makarenko,A"]
[Black "Krasenkova,I"]
[Result "1-0"]
[WhiteElo "1931"]
[BlackElo "2121"]

1.e4 c5 2.Nf3 Nc6 3.Nc3 e5 4.Bc4 d6 5.d3 Be7 6.Nd2 Bg5 7.h4 Bh6 8.Qh5 g6
9.Qd1 Be6 10.Bxe6 fxe6 11.h5 Qe7 12.Nc4 Bxc1 13.Rxc1 O-O-O 14.hxg6 Nf6 15.gxh7 Rxh7
16.Rxh7 Qxh7 17.Qf3 Qh6 18.Kd1 Nd4 19.Qh3 Qxh3 20.gxh3 b5 21.Nd2 Rh8 22.Nb3 a6
23.Nxd4 cxd4 24.Ne2 Rxh3 25.Ng3 Ng4 26.Ke2 Rh2 27.Nh1 Kd7 28.Kf3 Nf6 29.Ng3 Rh4
30.Ne2 d5 31.exd5 exd5 32.Kg2 Rg4+ 33.Ng3 Rg8 34.Kf3 Ke6 35.Re1 Rf8 36.Kg2 Ng4
37.Re2 b4 38.Nf1 Rg8 39.Ng3 a5 40.b3 Rf8 41.Nf1 Rg8 42.Ng3 Rf8 43.Rd2 a4
44.Re2 a3 45.Rd2 Nf6 46.Ne2 Rg8+ 47.Kf1 Nh5 48.f3 Kf5 49.Ng1 Nf4 50.Rh2 Rc8
51.Ke1 e4 52.fxe4+ dxe4 53.dxe4+ Kxe4 54.Kd2 Rg8 55.Ne2 Ng2 56.Rh7 Rd8 57.Rb7 Nh4
58.Ng3+ Kf3 59.Ne2 Kf2 60.Rf7+ Nf3+ 61.Kd3 Kg2 62.Rg7+ Kf2 63.Rf7 Kg2 64.Rg7+ Kf1
65.Rf7 Kg2 66.Rf5 Ne1+ 67.Kd2 Nf3+ 68.Kd3 Re8 69.Nxd4 Ne5+ 70.Kd2 Kg3 71.c4 bxc3+
72.Kxc3 Rc8+ 73.Kd2 Ng4 74.Nb5 Rd8+ 75.Kc3 Ne3 76.Rf7 Nd1+ 77.Kb4 Rd5 78.Kc4 Ne3+
79.Kb4 Nc2+ 80.Ka4 Rd8 81.Ra7 Rd2 82.Rc7 Kf3 83.Rxc2 Rd8 84.Kxa3 Ke3 85.Kb4 Rb8
86.a4 Kd3 87.Rc3+ Ke4 88.a5 Ra8 89.Ka4 Ke5 90.b4 Ra6 91.Re3+ Kf4 92.Re8 Kf5
93.Nd4+ Kf6 94.Re6+  1-0

[Event "Moscow Open D University Women"]
[Site "Moscow RUS"]
[Date "2011.02.01"]
[Round "4.11"]
[White "Forova,T"]
[Black "Dibirova,U"]
[Result "0-1"]
[WhiteElo "1912"]
[BlackElo "1871"]

1.e4 c5 2.Nc3 Nc6 3.Nge2 d6 4.g3 g6 5.Bg2 Bg7 6.O-O Nf6 7.f4 O-O 8.d3 Rb8
9.h3 Bd7 10.Be3 b5 11.Qd2 b4 12.Nd1 Ne8 13.f5 Nd4 14.c3 bxc3 15.bxc3 Nxe2+
16.Qxe2 Qc8 17.g4 Ba4 18.Qd2 Qa6 19.d4 Bxd1 20.Raxd1 Qa3 21.Rb1 Nc7 22.Bg5 Bf6
23.Bf4 cxd4 24.cxd4 Nb5 25.Be3 Qc3 26.Qxc3 Nxc3 27.Rxb8 Rxb8 28.Kh2 Rb2 29.g5 Bh8
30.Rc1 Nxe4 31.Rc8+ Kg7 32.f6+ exf6 33.gxf6+ Nxf6 34.d5 Rxa2 35.Bd4 h5 36.Rd8 Kh7
37.Rxd6 Ng4+ 38.hxg4 Bxd4 39.Kh3 hxg4+ 40.Kxg4 Rxg2+ 41.Kf3 Rd2 42.Rd7 Kg7
43.Ke4 Bb6 44.d6 Bc5 45.Ke5 Bxd6+  0-1

[Event "16th HIT Open"]
[Site "Nova Gorica SLO"]
[Date "2011.02.01"]
[Round "7"]
[White "Srebrnic,V"]
[Black "Dvirnyy,D"]
[Result "1/2-1/2"]
[WhiteElo "2218"]
[BlackElo "2480"]

1.e4 c5 2.Nc3 Nc6 3.Bb5 Nd4 4.Bc4 e6 5.Nge2 Nf6 6.O-O a6 7.d3 b5 8.Bb3 Nxb3
9.axb3 b4 10.Nb1 d5 11.Nd2 Bb7 12.Ng3 h5 13.exd5 Qxd5 14.Qf3 Qxf3 15.gxf3 Nd5
16.Nc4 f6 17.Re1 Kd7 18.Na5 Bc8 19.Ne4 e5 20.Be3 Nxe3 21.fxe3 Rb8 22.Kf2 h4
23.Rg1 Kc7 24.Nd2 Bd7 25.Ndc4 Rd8 26.e4 Be6 27.Ne3 h3 28.Nac4 Kb7 29.Na5+ Kc7
30.Nac4 Kb7 31.Na5+  1/2-1/2

[Event "33rd Bulgarian Open"]
[Site "Plovdiv BUL"]
[Date "2011.02.01"]
[Round "4.7"]
[White "Smith,Bry"]
[Black "Stamenkov,V"]
[Result "1-0"]
[WhiteElo "2458"]
[BlackElo "2346"]

1.e4 c5 2.Nc3 Nc6 3.Bb5 g6 4.Bxc6 dxc6 5.f4 Bg7 6.Nf3 Nf6 7.O-O O-O 8.d3 b6
9.Qe1 Bg4 10.Ne5 Qc7 11.Qh4 Bc8 12.Bd2 Ne8 13.Nf3 f5 14.exf5 Bxf5 15.g4 Bc8
16.f5 gxf5 17.Bh6 Bxh6 18.Qxh6 Rf6 19.Qh4 Rg6 20.g5 Nd6 21.Ne2 Nf7 22.Nf4 Rd6
23.Rae1 c4 24.g6 hxg6 25.Rxe7 g5 26.Re8+  1-0

[Event "16th HIT Open"]
[Site "Nova Gorica SLO"]
[Date "2011.02.02"]
[Round "8"]
[White "Srebrnic,V"]
[Black "Simonian,H"]
[Result "0-1"]
[WhiteElo "2218"]
[BlackElo "2475"]

1.e4 c5 2.Nc3 Nc6 3.Bb5 Nd4 4.Bc4 e6 5.Nge2 Nf6 6.O-O a6 7.d3 b5 8.Bb3 Nxb3
9.axb3 Bb7 10.Bg5 Qc7 11.Qd2 Be7 12.f4 b4 13.Nd1 h6 14.Bxf6 Bxf6 15.e5 Be7
16.Ne3 f5 17.Nc4 h5 18.Na5 h4 19.Nxb7 Qxb7 20.h3 g5 21.fxg5 Rg8 22.Qf4 Rxg5
23.Qf3 O-O-O 24.Qxb7+ Kxb7 25.Rf2 Rdg8 26.Kf1 Bd8 27.Ng1 Rg3 28.Nf3 Bg5 29.Re1 a5
30.Ree2 Bc1 31.c3 f4 32.Ne1 Kc6 33.Rf3 bxc3 34.bxc3 Rb8 35.b4 axb4 36.cxb4 Rxb4
37.Rc2 Bb2 38.Rxg3 fxg3 39.Nf3 Kd5 40.Ke2 Bxe5 41.Nxe5 Kxe5 42.Rxc5+ Kf4  0-1

[Event "Moscow Open F Women"]
[Site "Moscow RUS"]
[Date "2011.02.04"]
[Round "7.23"]
[White "Makarenko,A"]
[Black "Sazonova,E"]
[Result "1-0"]
[WhiteElo "1931"]
[BlackElo "2162"]

1.e4 c5 2.Nf3 Nc6 3.Nc3 e5 4.Bc4 Be7 5.d3 Nf6 6.Nd2 a6 7.a4 Nb4 8.f4 d5 9.fxe5 Ng4
10.Nxd5 Nxd5 11.Bxd5 Bh4+ 12.g3 Nxh2 13.Rxh2 Bxg3+ 14.Kf1 Bxh2 15.Qh5 O-O
16.Qxh2 Be6 17.Qg2 Qh4 18.Nf3 Qh5 19.Kf2 Bxd5 20.exd5 Qf5 21.Bh6 Qg6 22.Qxg6 hxg6
23.Be3 Rac8 24.c4 f6 25.e6 Rfe8 26.a5 g5 27.Nd2  1-0

[Event "Moscow Open D University Women"]
[Site "Moscow RUS"]
[Date "2011.02.04"]
[Round "7.2"]
[White "Vasilevich,I"]
[Black "Matveeva,O"]
[Result "1-0"]
[WhiteElo "2327"]
[BlackElo "2215"]

1.e4 c5 2.Nc3 Nc6 3.Bb5 g6 4.Bxc6 dxc6 5.d3 Bg7 6.f4 c4 7.Nf3 cxd3 8.cxd3 Bg4
9.O-O Qb6+ 10.Kh1 Rd8 11.Qc2 Qa6 12.Ne1 Nf6 13.Be3 Nh5 14.Qf2 b6 15.f5 gxf5
16.exf5 Be5 17.Ne4 Rxd3 18.Nxd3 Qxd3 19.Ng5 Rg8 20.Rae1 f6 21.Ne6 Qd6 22.Nf4 Ng7
23.h3 Bxf5 24.Rd1 Qc7 25.Qf3 Bxb2 26.Rfe1 Bc2 27.Rd2 Bc3 28.Bxb6 axb6 29.Qxc3 Ba4
30.Nd5  1-0

[Event "Moscow Open E"]
[Site "Moscow RUS"]
[Date "2011.02.05"]
[Round "8"]
[White "Amonatov,F"]
[Black "Pridorozhni,A"]
[Result "1-0"]
[WhiteElo "2590"]
[BlackElo "2543"]

1.e4 c5 2.Nf3 Nc6 3.Nc3 Nf6 4.Bb5 Qc7 5.d3 Nd4 6.Ba4 a6 7.Nxd4 cxd4 8.Ne2 Qa5+
9.c3 dxc3 10.bxc3 g6 11.O-O Bg7 12.Rb1 b5 13.Bb3 d6 14.Bd2 O-O 15.c4 Qc7
16.cxb5 axb5 17.Nc3 Ba6 18.Rc1 Qd7 19.Bg5 Rfc8 20.Qf3 Bb7 21.h3 Rc5 22.Be3 Rc7
23.Ne2 Rac8 24.Rxc7 Rxc7 25.Bd4 Rc8 26.Qe3 Bc6 27.f4 b4 28.Qd2 Rb8 29.f5 d5
30.e5 Ne8 31.e6 fxe6 32.fxg6 hxg6 33.Qf4 e5 34.Qf7+ Kh8 35.Qxg6  1-0

[Event "Moscow Open D University Women"]
[Site "Moscow RUS"]
[Date "2011.02.06"]
[Round "9.2"]
[White "Vasilevich,I"]
[Black "Lysenko,Mar"]
[Result "1-0"]
[WhiteElo "2327"]
[BlackElo "2006"]

1.e4 c5 2.Nc3 Nc6 3.Bb5 g6 4.Bxc6 dxc6 5.d3 Bg7 6.f4 e6 7.Nf3 Ne7 8.O-O O-O
9.Qe1 b6 10.Qh4 f6 11.Be3 Qc7 12.a4 Bd7 13.a5 Rab8 14.Nd2 Nc8 15.Rf3 Nd6
16.Rh3 Kf7 17.Rf1 Rh8 18.f5 exf5 19.Bf4 g5 20.Qh5+ Kf8 21.Bxd6+ Qxd6 22.exf5 Be8
23.Qe2 Bf7 24.Re3 Bh6 25.Nce4 Qd8 26.Nf2 g4 27.Re4 Bxd2 28.Qxd2 h5 29.Rfe1 Bd5
30.R4e2 Qc7 31.c4 Bf7 32.Ne4 Qe5 33.Kh1 Rd8 34.axb6 axb6 35.b4 Kg7 36.Nxc5 Qxf5
37.Rf2 Qg5 38.Qxg5+ fxg5 39.Re7 bxc5 40.Rexf7+ Kg8 41.bxc5 Rxd3 42.Rf8+ Kg7
43.R2f7+ Kg6 44.Rf6+ Kg7 45.R8f7+ Kg8 46.Kg1 Rh7 47.Rf8+ Kg7 48.Rf5 Rh6 49.R5f7+ Kg6
50.Rc7 Rc3 51.Rf1 Rxc4 52.Rxc6+ Kg7 53.Rc7+ Kg8 54.Rf5 Rg6 55.Rd7 Rf4 56.Rdd5 Ra6
57.Rxg5+ Kf7 58.Rgf5+ Rxf5 59.Rxf5+ Kg6 60.Rf1 Rc6 61.Rc1 Kf5 62.Kf2 Ke4
63.Ke2 Kd4 64.g3 Re6+ 65.Kd2 Rc6 66.Rc3 Ke4 67.Rc4+ Kd5 68.Kd3 Ke5 69.Ke3 Kd5
70.Rc1 Ke5 71.Rc2 Re6 72.c6 Kd6+ 73.Kf4 Kc7 74.Rc5 Rh6 75.Kg5 Rh8 76.Kh4 Rg8
77.Rg5 Rf8 78.Rxh5 Kxc6 79.Kxg4  1-0

[Event "1st Open"]
[Site "Cento ITA"]
[Date "2011.02.10"]
[Round "6"]
[White "Leon Hoyos,M"]
[Black "Urosevic,G"]
[Result "1-0"]
[WhiteElo "2565"]
[BlackElo "2228"]

1.e4 c5 2.Nf3 Nc6 3.Nc3 d6 4.d4 cxd4 5.Nxd4 Nf6 6.Bg5 g6 7.Nb3 Bg7 8.Be2 O-O
9.O-O a6 10.f4 b5 11.Bf3 b4 12.Nd5 Nxd5 13.exd5 Na5 14.Re1 Nc4 15.Re4 Qb6+
16.Kh1 Nxb2 17.Qe1 Bc3 18.Qe2 Bf5 19.Rxe7 Ra7 20.Rxa7 Qxa7 21.Bh6 Rc8 22.Na5 Qd7
23.Qxa6 Bxc2 24.h3 Bd3 25.Qb7 Rc7 26.Qb8+ Rc8 27.Qb7 Rc7 28.Qb6 Na4 29.Qg1 Nc5
30.Nc6 Ne4 31.Rd1 Bc2 32.Rc1 Nd2 33.Rxc2 Nxf3 34.Qe3 Nh4 35.Re2 f6 36.Qe8+  1-0

[Event "60th ch-BUL w"]
[Site "Plovdiv BUL"]
[Date "2011.02.12"]
[Round "6"]
[White "Todorova,K"]
[Black "Nestorova Petrova,L"]
[Result "1/2-1/2"]
[WhiteElo "1813"]
[BlackElo "2051"]

1.e4 c5 2.Ne2 Nc6 3.Nbc3 g6 4.g3 Bg7 5.Bg2 d6 6.O-O Nf6 7.d3 O-O 8.h3 Rb8
9.Be3 b5 10.Qd2 b4 11.Nd1 Qc7 12.f4 Ne8 13.f5 f6 14.Nf4 g5 15.Nd5 Qd8 16.h4 h6
17.Bf3 e6 18.fxe6 Bxe6 19.Nf2 Ne5 20.Bh5 Nc7 21.Nxc7 Qxc7 22.Qe2 Qd7 23.c3 bxc3
24.bxc3 g4 25.Bf4 f5 26.Bxe5 Bxe5 27.exf5 Bxf5 28.Nxg4 Bxg4 29.Bxg4 Qg7 30.Rab1 Rxb1
31.Rxb1 Bxg3 32.Qe6+ Kh8 33.h5 Rg8 34.Qg6 Qxg6 35.hxg6 Rxg6 36.Bf5 Rg5 37.Rb8+ Kg7
38.Rb7+ Kf6 39.Bc8 Be5+ 40.Kf1 Rg3 41.Rxa7 Rxd3 42.c4 Rc3 43.Ra4 h5 44.Bb7 h4
45.Bd5 h3 46.Ra8 h2 47.Rh8 Rc2 48.a4 Ra2 49.Bc6 Kg5 50.Rh7 Kf4 51.Rh3 Kg4
52.Bd7+ Kg5 53.Bc6 Bf4 54.a5 Rxa5 55.Kg2 Ra1 56.Kf2 Rd1 57.Kg2 Be5 58.Bb7 Kf5
59.Bc6 Rd4 60.Rh5+ Kg6 61.Be8+ Kf6 62.Bb5 d5 63.cxd5 Rxd5 64.Bc6 Rd4 65.Kf2 c4
66.Ke3 c3 67.Be4 Rxe4+ 68.Kxe4 c2 69.Rf5+ Kg6 70.Rf1 Bb2 71.Kf3 c1=Q 72.Rxc1 Bxc1
73.Kg2 Bf4 74.Kh1  1/2-1/2

[Event "ch-TUR"]
[Site "Kemer-Antalya TUR"]
[Date "2011.02.13"]
[Round "10"]
[White "Uysal,Burak"]
[Black "Asilkefeli,H"]
[Result "1-0"]
[WhiteElo "1798"]
[BlackElo "1982"]

1.e4 c5 2.Nc3 Nc6 3.Nge2 Nf6 4.g3 g6 5.Bg2 Bg7 6.d3 O-O 7.O-O a6 8.f4 d6
9.h3 Qd7 10.Be3 b5 11.Qd2 b4 12.Nd1 Bb7 13.g4 d5 14.e5 d4 15.Bf2 Nxg4 16.hxg4 Qxg4
17.Bg3 f6 18.Bf3 Qd7 19.exf6 Rxf6 20.Nf2 Raf8 21.Ne4 Rf5 22.Bg4 Qd5 23.Bf3 Qd7
24.Kg2 Nd8 25.Rf2 Ne6 26.Rh1 h5 27.Kf1 Qa4 28.c3 Qxa2 29.cxb4 c4 30.dxc4 Qxc4
31.Kg2 d3 32.Rc1 Qb3 33.Ng1 Nd4 34.Nc5 Nxf3 35.Nxf3 Bxf3+ 36.Rxf3 Qxb2 37.Rxd3 Qxd2+
38.Rxd2 Bh6 39.Ne6 Rb8 40.Rc4 Rfb5 41.Be1 Kf7 42.Nd8+ Kf6 43.Nc6 R8b7 44.Re2 Rd5
45.Bc3+ Kf7 46.Rce4 Rd6 47.Na5 Ra7 48.Bd4 Rad7 49.Bc5 Rd2 50.Nc6 Rxe2+ 51.Rxe2 Bxf4
52.Rxe7+ Rxe7 53.Nxe7 g5 54.Kf3 Ke6 55.Ng6 Bb8 56.Nf8+ Kf5 57.Nd7 g4+ 58.Kg2 Bc7
59.Bf2 Bd8 60.Nc5 a5 61.Nb7 axb4 62.Nxd8 h4 63.Nc6 g3 64.Be1 Kg4 65.Nxb4 h3+
66.Kg1 Kf3 67.Nc2 Kf4 68.Nd4 Kg4 69.Ne2  1-0

[Event "ch-TUR"]
[Site "Kemer-Antalya TUR"]
[Date "2011.02.13"]
[Round "10"]
[White "Bolat,A"]
[Black "Okur,K"]
[Result "1/2-1/2"]
[WhiteElo "2060"]
[BlackElo "1930"]

1.e4 c5 2.Nc3 Nc6 3.Nf3 d6 4.d4 cxd4 5.Nxd4 Nf6 6.g3 g6 7.Bg2 Bg7 8.Nxc6 bxc6
9.e5 dxe5 10.Bxc6+ Bd7 11.Bxa8 Qxa8 12.f3 Bc6 13.O-O O-O 14.Qe2 e4 15.f4 h5
16.h3 Rb8 17.Rb1 Ne8 18.Be3 Nd6 19.Rfd1 Nf5 20.Qf2 a5 21.g4 hxg4 22.hxg4 Nd6
23.Bd4 Bxd4 24.Qxd4 Rb4 25.Qe5 Qa7+ 26.Kf1 Qe3 27.Rd3 Qa7 28.Rh3 f6 29.Qe6+ Kg7
30.a3 Rd4 31.Rh2 Be8 32.g5 Bf7 33.Qh3 Qa6+ 34.Ke1 Bg8 35.gxf6+ exf6 36.Rd1 Rxd1+
37.Nxd1 Nf5 38.Qh8+ Kf7 39.Rd2 Qa7 40.Rd8 Qg1+ 41.Kd2 e3+ 42.Ke2 Qg2+ 43.Ke1 Qg1+
44.Ke2 Qg2+ 45.Ke1  1/2-1/2

[Event "75th ch-BUL Semi-Final"]
[Site "Plovdiv BUL"]
[Date "2011.02.13"]
[Round "9"]
[White "Dimitrov,De"]
[Black "Pantev,T"]
[Result "1-0"]
[WhiteElo "2081"]
[BlackElo "1806"]

1.e4 c5 2.Nf3 Nc6 3.Nc3 e5 4.Bc4 Be7 5.d3 d6 6.Nd2 Nf6 7.Nf1 a6 8.a4 Rb8
9.Ne3 Nd4 10.Ncd5 b5 11.axb5 axb5 12.Ba2 O-O 13.O-O Bb7 14.c3 Ne6 15.f4 Nxd5
16.Nxd5 Nc7 17.Nxe7+ Qxe7 18.fxe5 dxe5 19.Qg4 Kh8 20.Be3 f6 21.Qe2 Rfd8 22.Bb3 Ba6
23.Ra5 Qd6 24.Bc2 Ne6 25.Rfa1 Ra8 26.Qf1 Bb7 27.Rxa8 Rxa8 28.Rxa8+ Bxa8 29.Qa1 Bc6
30.Qa6 h6 31.Qb6 Kh7 32.h3 Kh8 33.Bf2 Kh7 34.Bb3 Kh8 35.Bd5 Nd8 36.Qxc5 Qxc5
37.Bxc5 Bxd5 38.exd5 Nb7 39.Bb4 Kg8 40.c4 Kf7 41.c5  1-0

[Event "TCh-FIN 2010-11"]
[Site "Porvoo FIN"]
[Date "2011.02.13"]
[Round "7.6"]
[White "Paakkonen,T"]
[Black "Niemela,A"]
[Result "1-0"]
[WhiteElo "2290"]
[BlackElo "2281"]

1.e4 c5 2.Nc3 Nc6 3.Nge2 g6 4.d4 cxd4 5.Nxd4 Bg7 6.Be3 Nf6 7.Bc4 O-O 8.Bb3 Qa5
9.O-O d6 10.h3 Bd7 11.Re1 Rfc8 12.f4 Nxd4 13.Bxd4 Nh5 14.Nd5 Qd8 15.Bxg7 Nxg7
16.c3 e6 17.Ne3 Qb6 18.Kh2 Ne8 19.f5 Qd8 20.Qf3 Kg7 21.Rf1 Nf6 22.fxe6 Bxe6
23.Bxe6 fxe6 24.e5 dxe5 25.Rad1  1-0

[Event "Bermuda Open"]
[Site "Southampton BER"]
[Date "2011.02.13"]
[Round "5"]
[White "Ritchie,Gordon"]
[Black "Fernandez,Joh"]
[Result "1/2-1/2"]
[WhiteElo "2046"]
[BlackElo "2163"]

1.e4 c5 2.Nc3 Nc6 3.Bb5 Nd4 4.Bc4 g6 5.f4 Bg7 6.Nge2 Nh6 7.Nxd4 cxd4 8.Ne2 O-O
9.O-O d6 10.h3 Kh8 11.d3 f5 12.Ng3 e6 13.Bd2 Bd7 14.Qe2 Qh4 15.Be1 Qf6 16.Bd2 Rae8
17.e5 dxe5 18.fxe5 Qh4 19.Be1 Qd8 20.Bb4 Rg8 21.Bc5 a5 22.a4 Bc6 23.Rf4 Qg5
24.Qf2 Bxe5 25.Bxd4 Bxd4 26.Rxd4 Rgf8 27.Bb5 e5 28.Bxc6 bxc6 29.Rd7 Rf7  1/2-1/2

[Event "ch-ROU Men"]
[Site "Sarata Monteoru ROU"]
[Date "2011.02.14"]
[Round "3.28"]
[White "Acsinte,M"]
[Black "Stanculescu,C"]
[Result "1/2-1/2"]
[WhiteElo "1891"]
[BlackElo "2232"]

1.e4 c5 2.Nc3 Nc6 3.Bb5 e6 4.Bxc6 bxc6 5.f4 d5 6.Nf3 Nf6 7.d3 Ba6 8.e5 Nd7
9.O-O c4 10.d4 Be7 11.Be3 Rb8 12.Rb1 O-O 13.g4 f5 14.exf6 gxf6 15.g5 fxg5
16.Nxg5 Bxg5 17.fxg5  1/2-1/2

[Event "ch-St Petersburg S/F 2011"]
[Site "St Petersburg RUS"]
[Date "2011.02.15"]
[Round "5.17"]
[White "Martynov,P2"]
[Black "Polonovsky,E"]
[Result "1-0"]
[WhiteElo "2204"]
[BlackElo "2166"]

1.e4 c5 2.Nf3 Nc6 3.Nc3 g6 4.d4 cxd4 5.Nxd4 Bg7 6.Be3 d6 7.Qd2 Nf6 8.f3 a6
9.O-O-O O-O 10.h4 Nxd4 11.Bxd4 b5 12.Nd5 Nxd5 13.Bxg7 Kxg7 14.exd5 e5 15.dxe6 Bxe6
16.h5 Kg8 17.Qd4 Rc8 18.Bd3 Bc4 19.h6 f6 20.Bxc4+ Rxc4 21.Qd5+ Rf7 22.Rhe1 Qf8
23.Kb1 Rc5 24.Qxd6 Qxd6 25.Rxd6 Rh5 26.Rxa6 Rxh6 27.b4 Rh2 28.Re2 h5 29.Rd6 h4
30.Rdd2 Rc7 31.Kb2 Kg7 32.Kb3 Rh1 33.c3 g5 34.Rc2 Kg6 35.a4 h3 36.gxh3 bxa4+
37.Kxa4 Rxh3 38.Rf2 Rc4 39.Kb5 Rhh4 40.f4 Rcxf4 41.Rxf4 Rxf4 42.c4 g4 43.c5 Re4
44.c6 Re8 45.c7 f5 46.c8=Q Rxc8 47.Rxc8 Kg5 48.Kc4  1-0

[Event "ch-ROU Women"]
[Site "Sarata Monteoru ROU"]
[Date "2011.02.16"]
[Round "5.11"]
[White "Anton,R"]
[Black "Visanescu,D"]
[Result "0-1"]
[WhiteElo "1854"]
[BlackElo "1929"]

1.e4 c5 2.Nc3 Nc6 3.Bb5 Nd4 4.Bc4 e6 5.Nf3 Nf6 6.d3 a6 7.Nxd4 cxd4 8.Ne2 d5
9.exd5 exd5 10.Bb3 Bc5 11.O-O O-O 12.Bg5 Be6 13.Nf4 Bd6 14.Qf3 h6 15.Bxf6 Qxf6
16.Nxd5 Qxf3 17.gxf3 Rac8 18.c4 Bf5 19.Bc2 b5 20.b3 Be6 21.Ne3 dxe3 22.fxe3 Bh3
23.Rf2 Rfe8 24.Re2 Re6 25.d4 bxc4 26.bxc4 Rxc4 27.Kh1 Rxd4  0-1

[Event "ch-ROU Men"]
[Site "Sarata Monteoru ROU"]
[Date "2011.02.17"]
[Round "8.16"]
[White "Gheorghiu,C"]
[Black "Vasilescu,L"]
[Result "1-0"]
[WhiteElo "1949"]
[BlackElo "2298"]

1.e4 c5 2.Nc3 Nc6 3.Bb5 g6 4.Bxc6 dxc6 5.d3 Bg7 6.Be3 Qd6 7.Qd2 e5 8.f4 Nf6
9.fxe5 Qxe5 10.Nf3 Qe7 11.O-O Be6 12.e5 Nd5 13.Ne4 Nxe3 14.Qxe3 b6 15.Nd6+ Kd7
16.c3 Bd5 17.d4 cxd4 18.cxd4 f6 19.Rfe1 Rhf8 20.Rad1 Kc7 21.Qa3 Qd7 22.Qa6 fxe5
23.dxe5 Rfb8 24.Qa3 Bf8 25.Qc3 Qe6 26.Nd4 Qg4 27.N4b5+ Kd7 28.Rxd5 Qe6 29.Rdd1 cxb5
30.Nxb5+ Ke8  1-0

[Event "ch-ROU Women"]
[Site "Sarata Monteoru ROU"]
[Date "2011.02.18"]
[Round "7.8"]
[White "Gelip,I"]
[Black "Mosnegutu,M"]
[Result "1-0"]
[WhiteElo "1952"]
[BlackElo "2178"]

1.e4 c5 2.Nc3 Nc6 3.Bb5 Nd4 4.Bc4 e6 5.Nf3 Ne7 6.Nxd4 cxd4 7.Ne2 Nc6 8.O-O Rb8
9.a4 Qc7 10.d3 a6 11.f4 b5 12.axb5 axb5 13.Bb3 Be7 14.f5 Na5 15.fxe6 fxe6
16.Rxa5 Qxa5 17.Nxd4 b4 18.Qg4 Bf6 19.Be3 O-O 20.Nf5 g6 21.Bh6 Re8 22.Ne7+ Rxe7
23.Rxf6 Qc5+ 24.Kh1 Rg7 25.Bxg7 Kxg7 26.Qf4 Ra8 27.Rf7+ Kg8 28.Qf1 Ra1 29.Qxa1 Kxf7
30.h3 Bb7 31.Qf1+ Kg7 32.Qf4 Qd4 33.Qc7 Bc6 34.Bxe6 Kf6 35.Bc4 Qxb2 36.Qd8+ Kg7
37.Qg8+ Kh6 38.Qf8+ Kg5 39.Kh2 Qxc2 40.h4+ Kh5 41.Qf4 h6 42.Kh3  1-0

[Event "TCh-CAT Div Hon"]
[Site "Barcelona ESP"]
[Date "2011.02.19"]
[Round "4.6"]
[White "Perpinya Rofes,L"]
[Black "Llaneza Vega,P"]
[Result "1-0"]
[WhiteElo "2368"]
[BlackElo "2237"]

1.e4 c5 2.Nc3 Nc6 3.Nge2 Nf6 4.d4 cxd4 5.Nxd4 e5 6.Ndb5 d6 7.Bg5 a6 8.Na3 b5
9.Nd5 Be7 10.Bxf6 Bxf6 11.c4 b4 12.Nc2 a5 13.Qf3 Bg5 14.Rd1 a4 15.Ndxb4 Qa5
16.a3 Nxb4 17.Nxb4 O-O 18.Be2 Be6 19.O-O Qb6 20.Qc3 Rfc8 21.g3 Rc5 22.h4 Bh6
23.Nd5 Bxd5 24.Rxd5 Rb8 25.Bd3 g6 26.Rb1 Bg7 27.Bc2 f5 28.Bxa4 fxe4 29.Bc2 Rxd5
30.cxd5 Rf8 31.Rf1 Rf3 32.Qc8+ Rf8 33.Qe6+ Kh8 34.Bxe4 Qd4 35.Bg2 e4 36.Qxd6 e3
37.fxe3 Qxe3+ 38.Kh2 Rxf1 39.Bxf1 Qf2+ 40.Bg2 Bxb2 41.a4 Bd4 42.a5 Kg7 43.Qc7+ Kg8
44.d6 Be5 45.Qd8+ Qf8 46.Bd5+  1-0

[Event "Frauenbundesliga 1st Div 2010-11"]
[Site "Germany GER"]
[Date "2011.02.19"]
[Round "8.6"]
[White "Zickelbein,EM"]
[Black "Szewczuk,M"]
[Result "1-0"]
[WhiteElo "2056"]
[BlackElo "1916"]

1.e4 c5 2.Nc3 Nc6 3.Bb5 g6 4.Bxc6 dxc6 5.f4 Bg7 6.d3 e5 7.Nf3 Bg4 8.O-O Ne7
9.Qe1 Bxf3 10.Rxf3 exf4 11.Bxf4 O-O 12.Qh4 Qd7 13.Raf1 Nc8 14.Bh6 Nd6 15.Rh3 f6
16.Be3 Bh8 17.Bxc5 Rf7 18.Qg3 Nb5 19.Nxb5 cxb5 20.Qf2 b6 21.Bd4 Rd8 22.Bc3 Qe6
23.Rf3 Rdf8 24.a3 a5 25.h3 Bg7 26.g4 Qc6 27.g5 Qc5 28.Qxc5 bxc5 29.Bxf6 a4
30.Kg2 b4 31.Bxg7 Kxg7 32.Rxf7+ Rxf7 33.Rxf7+ Kxf7 34.Kf3 Ke6 35.Kf4 Kd6
36.e5+ Kd5 37.c4+ bxc3 38.bxc3 Ke6 39.Ke4  1-0

[Event "Frauenbundesliga 1st Div 2010-11"]
[Site "Germany GER"]
[Date "2011.02.19"]
[Round "8.6"]
[White "Jahn,C"]
[Black "Higgelke,A"]
[Result "1-0"]
[WhiteElo "2146"]
[BlackElo "2010"]

1.e4 c5 2.Nc3 Nc6 3.Bb5 Nf6 4.Bxc6 bxc6 5.f4 d6 6.d3 g6 7.Nf3 Bg7 8.O-O O-O
9.Qe1 Qc7 10.Qh4 Rb8 11.Rb1 Ne8 12.Be3 f5 13.e5 dxe5 14.Bxc5 Bf6 15.Qf2 exf4
16.Bxa7 Rb7 17.Bc5 Qb8 18.Na4 Bxb2 19.c3 Bxc3 20.Nxc3 Rxb1 21.Rxb1 Qc7 22.Qd4 Nf6
23.Qc4+ Kg7 24.Bd4 Bd7 25.Qc5 Re8 26.Be5 Qc8 27.Rb8 Qa6 28.Rxe8 Bxe8 29.Qxe7+ Bf7
30.Qxf6+ Kf8 31.Bd6+ Kg8 32.Qd8+ Be8 33.Qxe8+ Kg7 34.Qe2  1-0

[Event "ch-ROU Women"]
[Site "Sarata Monteoru ROU"]
[Date "2011.02.19"]
[Round "8.11"]
[White "Cusmuliuc,D"]
[Black "Mosnegutu,M"]
[Result "0-1"]
[WhiteElo "1693"]
[BlackElo "2178"]

1.e4 c5 2.Nc3 Nc6 3.Bb5 Nd4 4.Bc4 e6 5.d3 Ne7 6.Nge2 d5 7.Nxd4 cxd4 8.Bb5+ Bd7
9.Bxd7+ Qxd7 10.Ne2 dxe4 11.dxe4 Nc6 12.O-O Bc5 13.Kh1 O-O 14.f4 f5 15.e5 Rad8
16.Ng3 d3 17.cxd3 Qxd3 18.Qxd3 Rxd3 19.b3 Rfd8 20.Bb2 Rd2 21.Bc3 Rc2 22.Rfc1 Rxc1+
23.Rxc1 Rd3 24.Ne2 Be3 25.Rf1 Ne7 26.g3 Nd5 27.Ba1 b5 28.Nc1 Rd2 29.a4 b4
30.h3 Bf2 31.g4 g6 32.gxf5 gxf5 33.Nd3 Rxd3 34.Rxf2 Rd1+ 35.Kh2 Rxa1  0-1